000 00375 a2200109 4500
020 _a9780975586051
082 _a925 DIL
100 _aDil, Anwar
245 _aScience for Peace and Progress Life and Work of Abdus Salam/
_cEdited by Anwar Dil
260 _aIslamabad :
_bIntercultural Forum Takshila Research University,
_c2008
300 _a668p. :
_bill. ;
_c28 cm
650 _aScience -- Peace and Progress
999 _c1859
_d1859